LIBRARY & INFORMATION CENTRE, KCAET, TAVANUR

ONLINE PUBLIC ACCESS CATALOGUE (OPAC)

Vagrant mood: Six essays / (Record no. 3934)

MARC details
000 -LEADER
fixed length control field 00434cam a2200169ua 4500
041 ## - LANGUAGE CODE
Language code of text/sound track or separate title eng
082 ## - DEWEY DECIMAL CLASSIFICATION NUMBER
Classification number 824
Item number MAU/VA
100 ## - MAIN ENTRY--AUTHOR NAME
Personal name Maugham, Somerset V .
245 ## - TITLE STATEMENT
Title Vagrant mood: Six essays /
250 ## - EDITION STATEMENT
Edition statement 1 /
260 ## - PUBLICATION, DISTRIBUTION, ETC. (IMPRINT)
Place of publication London :
Name of publisher Heinemann Educational Books Ltd. ,
Year of publication 1952.
300 ## - PHYSICAL DESCRIPTION
Number of Pages 241 ; .
942 ## - ADDED ENTRY ELEMENTS (KOHA)
Koha item type Books
Holdings
Withdrawn status Lost status Damaged status Home library Current library Date acquired Full call number Accession Number Koha item type Cost, normal purchase price Public note
Withdrawn     KAUAET Malayalam University 07/04/2012 824 6747 Books 18.00 Transferred to Malayalam University
Withdrawn     KAUAET Sanskrit University 07/04/2012 824 11792 Books    
free website counter